[Event "US Open"]
[Site "Vancouver, WA"]
[Date "2012.08.08"]
[Round "5"]
[White "Strenzwilk, Denis (MD)"]
[Black "Hall, Bill (TN)"]
[Result "1-0"]
[WhiteElo "2200"]
[BlackElo "2043"]
[PlyCount "93"]

1.e4 d5 2.exd5 Nf6 3.d4 Bg4 4.Nf3 Qxd5 5.Be2 e6 6.Be3 Nc6 7.Nbd2
h6 8.c3 Be7 9.Qb3 Qxb3 10.axb3 O-O 11.O-O a6 12.b4 Nd5 13.Nc4
Bf6 14.Na5 Nxa5 15.Rxa5 c6 16.Rfa1 Rae8 17.h3 Bf5 18.Bd2 Bd8
19.R5a2 Bc7 20.Ne5 Rd8 21.b3 f6 22.Nc4 Bg6 23.Bg4 Rfe8 24.Re1
Bf7 25.g3 g5 26.Na5 Rb8 27.c4 Nb6 28.Bc3 h5 29.Bf3 Nd7 30.Nxb7
g4 31.hxg4 hxg4 32.Bxc6 Re7 33.Bxd7 Rxd7 34.Nc5 Re7 35.Rxa6 Rbe8
36.b5 Kg7 37.Ne4 Kg6 38.Nd6 Bxd6 39.Rxd6 Kf5 40.Bb4 Bg6 41.Rc6
Rh7 42.Rc5+ e5 43.dxe5 Rxe5 44.b6 Ke6 45.Rc6+ Kd7 46.Rc7+ Kd8
47.Rd1+ 1-0

[Event "US Open"]
[Site "Vancouver, WA"]
[Date "2012.08.08"]
[Round "5"]
[White "Tache, Corey (OR)"]
[Black "Miller, Russell (WA)"]
[Result "1-0"]
[WhiteElo "1591"]
[BlackElo "1500"]
[PlyCount "47"]

1.e4 c5 2.c3 a6 3.d4 cxd4 4.cxd4 d6 5.Nf3 Nf6 6.Nc3 g6 7.Be2
Bg7 8.O-O O-O 9.h4 {%08DA} Nc6 10.Be3 Bg4 11.Nh2 Bxe2 12.Qxe2
Rc8 13.f4 b5 14.Qf3 e5 15.dxe5 dxe5 16.Rfd1 Qe7 17.f5 Rfd8 18.fxg6
fxg6 19.Bg5 Nd4 20.Qf2 Qf7 21.Rf1 Rd7 22.Bxf6 Bxf6 23.Qxf6 Qxf6
24.Rxf6 1-0

[Event "US Open"]
[Site "Vancouver, WA"]
[Date "2012.08.08"]
[Round "5"]
[White "Tobin, Sean (OR)"]
[Black "Brownscombe, Tom (NV)"]
[Result "1-0"]
[WhiteElo "2025"]
[BlackElo "2212"]
[PlyCount "69"]

1.e4 c5 2.Nf3 e6 3.d3 Nc6 4.g3 d5 5.Nbd2 Nf6 6.Bg2 g6 7.O-O Bg7
8.Re1 O-O 9.c3 b6 10.e5 Ng4 11.d4 h5 12.Nf1 cxd4 13.cxd4 Ba6
14.h3 Nh6 15.Bg5 Qd7 16.Qd2 Nf5 17.g4 hxg4 18.hxg4 Nfe7 19.Bf6
Rfc8 20.Ng3 Kf8 21.Ng5 Bxf6 22.Nh7+ Kg7 23.Nxf6 Qd8 24.Bf3 Ng8
25.Qg5 Nxf6 26.exf6+ Kf8 27.Kg2 Ke8 28.Bxd5 Bb7 29.Kg1 Rc7 30.Rad1
Rd7 31.Rxe6+ fxe6 32.Qxg6+ Rf7 33.Qg8+ Rf8 34.Bxc6+ Qd7 35.Qxe6+ 1-0

[Event "US Open"]
[Site "Vancouver, WA"]
[Date "2012.08.08"]
[Round "5"]
[White "Tucker, Jimmy (WA)"]
[Black "Blenker, Ambrose (WI)"]
[Result "1/2-1/2"]
[WhiteElo "1105"]
[BlackElo "1600"]
[PlyCount "79"]

1.e4 c5 2.Nc3 d6 3.Nf3 Nf6 4.d4 cxd4 5.Qxd4 Nc6 6.Qa4 Bd7 7.Bb5
a6 8.Bxc6 Bxc6 9.Qc4 e6 {%08DA} 10.Bg5 h6 11.Bxf6 Qxf6 12.O-O-O
Be7 13.Qd4 Qxd4 14.Nxd4 O-O 15.Nxc6 bxc6 16.f4 Rfd8 17.Kb1 d5
18.e5 Rdb8 19.b3 Rb7 20.Ne2 Rab8 21.Nd4 Rc8 22.f5 exf5 23.Nxf5
Bf8 24.Rd4 g6 25.Nd6 Bxd6 26.exd6 Rd7 27.c4 Rxd6 28.cxd5 cxd5
29.Rc1 Rxc1+ 30.Kxc1 f5 31.a4 Kf7 32.Kd2 Ke6 33.Ke3 g5 34.g3
Ke5 35.b4 Rf6 36.Rd2 f4+ 37.gxf4+ Rxf4 38.Rb2 Re4+ 39.Kd3 Rd4+
40.Kc3 1/2-1/2

[Event "US Open"]
[Site "Vancouver, WA"]
[Date "2012.08.07"]
[Round "5"]
[White "Varner, Murlin (WA)"]
[Black "Sawyer, David (ID)"]
[Result "1-0"]
[WhiteElo "1673"]
[BlackElo "1944"]
[PlyCount "69"]

1.c4 c5 2.g3 g6 3.Bg2 Bg7 4.Nf3 Nc6 5.O-O e5 6.d3 Nge7 7.Nc3
O-O 8.Rb1 d6 9.Bd2 h6 10.Qc1 Kh7 11.b3 Bg4 12.h3 Bd7 13.Ne4 Qb8
14.g4 f5 15.gxf5 gxf5 16.Ng3 Nd4 17.Nh2 f4 18.Be4+ Bf5 19.Nxf5
Nxe2+ {%08DA} 20.Kh1 Nxc1 21.Nxe7+ Kh8 22.Ng6+ Kg8 23.Bd5+ Kh7
24.Nxf8+ Qxf8 25.Rbxc1 {%02
  (Thinking I had a material advantage aimed at the Black king, I had been
looking for a sac to lead the attack.  I never expected it would be my queen on the back rank!)}
Rb8 26.Nf3 Qe7 27.Rg1 Rc8 28.Rg2 Rc7 29.Rcg1 Qd8 30.Rg4 b6 31.Nh4
h5 32.Rg5 Bh6 33.Be4+ Kh8 34.Ng6+ Kg7 35.Rxh5 1-0

[Event "US Open"]
[Site "Vancouver, WA"]
[Date "2012.08.08"]
[Round "3"]
[White "Vibbert, Sean (IN)"]
[Black "Weatherspoon, Kyler  (MN)"]
[Result "1-0"]
[WhiteElo "2315"]
[BlackElo "2060"]
[PlyCount "103"]

1.e4 e5 2.Nf3 Nc6 3.Bb5 a6 4.Ba4 Nf6 5.O-O Be7 6.Bxc6 dxc6 7.d3
Nd7 8.Nbd2 O-O 9.Nc4 f6 10.Nh4 Re8 11.Nf5 Bf8 12.Qg4 Kh8 13.h4
Nc5 14.h5 Ne6 15.Be3 c5 16.Nd2 Nd4 17.Bxd4 Qxd4 18.Nc4 Be6 19.Qf3
Qd7 20.Nce3 Rad8 21.g3 b5 22.Kg2 Qf7 23.a4 Ra8 24.b3 Kg8 25.Rh1
g6 26.hxg6 hxg6 27.Nh6+ Bxh6 28.Rxh6 Kg7 29.Rah1 Rh8 30.Rxh8
Rxh8 31.Rxh8 Kxh8 32.axb5 axb5 33.g4 Kg7 34.Qg3 g5 35.Qf3 Qd7
36.Qe2 c6 37.f3 Qd4 38.Nd1 c4 39.dxc4 bxc4 40.c3 Qd3 41.Qxd3
cxd3 42.c4 Kf7 43.Kf2 Ke7 44.Ke3 Kd6 45.Kxd3 Bc8 46.Kc3 Ba6 47.Ne3
Bc8 48.Kb4 c5+ 49.Kb5 Be6 50.Nf5+ Kc7 51.Kxc5 Bf7 52.Ne3 1-0

[Event "US Open"]
[Site "Vancouver, WA"]
[Date "2012.08.08"]
[Round "5"]
[White "Yu, Corbin (OR)"]
[Black "Heublum, Jack (NY)"]
[Result "0-1"]
[WhiteElo "2150"]
[BlackElo "1877"]
[PlyCount "78"]

1.Nf3 Nf6 2.c4 e6 3.g3 d5 4.Bg2 Be7 5.b3 O-O 6.Bb2 b6 7.O-O Bb7
8.d3 c5 9.cxd5 exd5 10.d4 Nc6 11.Nbd2 Qd7 12.Rc1 Ne4 13.dxc5
Nxd2 14.Nxd2 Bxc5 15.Ne4 Be7 16.Qd2 Rfd8 17.Rfd1 Qf5 18.Nc3 d4
19.Ne4 Ne5 20.Nd6 Rxd6 21.Bxb7 Rad8 22.Qf4 Qd7 23.Be4 Qb5 24.Rc8
Rxc8 25.Qf5 Nf3+ 26.Qxf3 Bf6 27.a4 Qe8 28.e3 g6 29.Ba3 Rdd8 30.Bb7
dxe3 31.Rxd8 Rxd8 32.Qxf6 e2 33.Bb2 e1Q+ 34.Kg2 Q1e4+ 35.Bxe4
Qxe4+ 36.Kh3 Qe6+ 37.Qxe6 fxe6 38.Be5 Rd3 39.b4 Ra3 0-1

[Event "US Open"]
[Site "Vancouver, WA"]
[Date "2012.08.09"]
[Round "5"]
[White "Zurybida, Paul (WA)"]
[Black "Kannan, Suganth (FL)"]
[Result "1-0"]
[WhiteElo "2001"]
[BlackElo "1677"]
[PlyCount "55"]

1.e4 e5 2.Nf3 Nc6 3.Bc4 Bc5 4.c3 Nf6 5.d4 exd4 6.cxd4 Bb4+ 7.Nc3
Nxe4 8.O-O Bxc3 9.d5 Bf6 10.Re1 O-O 11.Rxe4 Ne7 12.d6 cxd6 13.Qxd6
Nf5 14.Qd5 d6 15.Bf4 Be6 16.Qxb7 d5 17.Bc7 Qc8 18.Bxd5 Bxd5 19.Qxd5
Qxc7 20.Qxf5 Qc2 21.Rae1 Qxb2 22.Qd5 Rfd8 23.Qxa8 h6 24.Re8+
Rxe8 25.Rxe8+ Kh7 26.Rh8+ Kg6 27.Qe4+ Kh5 28.g4# 1-0

[Event "US Open"]
[Site "Vancouver, WA"]
[Date "2012.08.09"]
[Round "6"]
[White "Aird, Ian (UK)"]
[Black "Goffe, Michael (OR)"]
[Result "1/2-1/2"]
[WhiteElo "2003"]
[BlackElo "1848"]
[PlyCount "48"]

1.e4 e6 2.d3 d5 3.Qe2 dxe4 4.dxe4 e5 5.Nf3 Nc6 6.c3 Bd6 7.Qc2
Bg4 8.Nbd2 Nf6 9.Be2 Qd7 ( 9...Qe7 10.O-O O-O-O 11.Nc4 h6 12.b4
Bxf3 13.Bxf3 Qe6 14.Be2 g5 15.Be3 b6 16.Qa4 Kb7 17.Na5+ Nxa5
18.bxa5 Qd7 19.Bb5 Qe7 20.Bc6+ {1-0, Paragua Mark (PHI) 2534 - Cilia Vincenti David (MLT) 2189, Calvia  (Spain) 2004.10.16}
) 10.Nc4 h6 11.Ne3 O-O-O 12.b4 Ne7 13.O-O Bxf3 14.Bxf3 g5 15.Nf5
g4 16.Nxe7+ Bxe7 17.Be2 Qc6 18.b5 Qxe4 19.Qxe4 Nxe4 20.Bxg4+
Kb8 21.c4 h5 22.Bf3 Nd2 23.Bxd2 Rxd2 24.Rfd1 Rxd1+ 1/2-1/2

[Event "US Open"]
[Site "Vancouver, WA"]
[Date "2012.08.09"]
[Round "6"]
[White "Antler, Arthur (NJ)"]
[Black "Davis, Joe (WA)"]
[Result "1-0"]
[WhiteElo "1898"]
[BlackElo "1648"]
[PlyCount "142"]

{Round 6 of the 2012 US Open. I came into the round with 2 of 5, but amazingly still got paired up to play a 1898 player.} 1.d4
d5 2.Nf3 Nf6 3.Bg5 ( 3.c4 e6 4.g3 dxc4 ) Ne4 4.Bh4 c5 5.c3 {this move is not in Fritz book. I decided to use my London system setup.}
Nc6 ( 5...Qb6 6.Qb3 Qh6 7.e3 e6 8.Bb5+ Nc6 9.O-O Bd7 10.Bg3 Be7
11.Nbd2 Nxg3 12.hxg3 O-O 13.Rfe1 ) 6.e3 Qb6 7.Qb3 c4 8.Qxb6 axb6
9.Nbd2 Bf5 10.Nxe4 Bxe4 11.Nd2 Bg6 12.Be2 {
Here I thought for a long time about whether to play e6 or e5. I decided on e5
because I didn't like the setup of whites bishop on f3 with e4 coming.}
e5 ( 12...e6 13.Bf3 Bd6 14.e4 ) 13.e4 {this move surprised me.}
Bxe4 14.Nxe4 dxe4 15.d5 Na5 {??} ( 15...Ne7 {had to be played} )
16.b4 cxb3 {??} 17.axb3 { ??  whew he didn't see it. I felt like I was given a new life.}
( 17.Bb5+ {!!} ) Be7 18.Bb5+ Kd8 19.Bg3 Kc7 20.b4 Nb3 21.Bxe5+
Bd6 22.Bxd6+ Kxd6 23.Rxa8 Rxa8 24.Ke2 Rc8 {after looking at several variations, I decided on}
( 24...Ra2+ 25.Ke3 Rc2 ( 25...Kxd5 26.Rd1+ ) 26.Kxe4 Rxc3 27.Rd1 )
( 24...Ra1 25.Rxa1 Nxa1 26.Bc4 ) ( 24...Na1 25.Rd1 ) 25.Ke3 Rxc3+
26.Kxe4 Nd2+ ( 26...f5+ 27.Kf4 Nd4 28.Be8 ) 27.Kf5 Rb3 28.Be8
Rxb4 29.Bxf7 g6+ ( 29...Rb1 {but I don't think the endgame is good for black}
) 30.Kf6 Rf4+ 31.Kg7 Rxf2 32.Re1 Rxg2 ( 32...Nc4 ) 33.Re6+ Kc5
34.Kxh7 Rxh2+ 35.Kxg6 Nc4 36.Re7 Rd2 ( 36...b5 {may win the game}
37.Rc7+ Kb6 ) 37.Rc7+ Kb5 38.Kf6 Nd6 39.Ke6 Nxf7 40.Rxf7 Re2+
41.Kd6 Rd2 42.Rxb7 Rd3 {
I offered a draw here thining it was a dead draw. I probably shouldn't have
done that because I feel like it energized my opponent.} 43.Rc7
Rh3 44.Re7 Rd3 45.Rc7 Rh3 46.Re7 Rd3 47.Re5 Rd1 48.Kc7 Rc1+ 49.Kd7
Rc5 50.Ke6 Rc1 51.Re2 Rd1 ( 51...Kb4 52.d6 ( 52.Rd2 Rh1
( 52...Kc3 53.Re2 b5 54.d6 ( 54.Ke7 Rd1 55.Re3+ ( 55.d6 Rxd6
56.Kxd6 b4 57.Kc5 b3 58.Re3+ Kc2 59.Kc4 b2 60.Rc3+ Kd2 ) Kd4 )
Rd1 55.Ke7 b4 56.d7 Rxd7+ 57.Kxd7 b3 58.Re3+ Kc2 59.Re2+ Kc3 ) )
Kc3 53.d7 Rd1 54.Ke7 b5 ) 52.d6 Kc6 ( 52...Kc4 ) 53.Rc2+ Kb7
54.Kd7 ( 54.Rc7+ {!} ) Kb8 ( 54...b5 55.Rc5 Kb6 56.Rc6+ Kb7 57.Rc7+
Kb6 58.Ke7 ) 55.Re2 Kb7 56.Re6 Rd2 57.Kd8 Ra2 {?} ( 57...b5 58.Re7+
Kc6 ) 58.Ke7 Rd2 59.Re3 ( 59.Re1 {!} ) Rh2 {?} ( 59...b5 {!}
60.Kd7 b4 61.Re6 Rd4 62.Kd8 b3 63.d7 Rd5 64.Re8 ) 60.d7 Rh7+
61.Kd6 Rh6+ 62.Re6 Rh8 63.Re8 Rh6+ 64.Ke5 {I missed that the king no longer had t stay near the pawn.}
Rh5+ 65.Kf4 Rh4+ 66.Kg3 Rd4 67.d8Q Rxd8 68.Rxd8 Ka6 69.Kf3 b5
70.Ke3 Ka5 71.Kd3 b4 {I resigned. Very dissapointing. This exposed a weakness in my rook pawn endgame.}
 1-0

[Event "US Open"]
[Site "Vancouver, WA"]
[Date "2012.08.09"]
[Round "6"]
[White "Archuleta, Dante  (NM)"]
[Black "Yu, Corbin (OR)"]
[Result "0-1"]
[WhiteElo "1915"]
[BlackElo "2150"]
[PlyCount "82"]

1.f4 c5 2.e3 g6 3.Nf3 Bg7 4.c4 Nf6 5.Nc3 d5 6.cxd5 Nxd5 7.Bc4
Nb6 8.Bb3 Nc6 9.a3 Bf5 10.e4 Bd7 11.d3 O-O 12.O-O Nd4 13.Nxd4
Bxd4+ 14.Kh1 Bc6 15.f5 Nd7 16.Qg4 Ne5 17.Qh3 Bxc3 18.fxg6 hxg6
19.bxc3 Qxd3 20.Qxd3 Nxd3 21.Bh6 Bxe4 22.Bxf8 Rxf8 23.Rae1 Nxe1
24.Rxe1 Bd3 25.Rxe7 c4 26.Ba4 Rb8 27.Bd1 Kf8 28.Re3 Re8 29.Rxe8+
Kxe8 30.Kg1 Ke7 31.Kf2 Kd6 32.Ke3 Kc5 33.g4 g5 34.Kd2 b5 35.Bf3
a5 36.Kc1 b4 37.cxb4+ axb4 38.axb4+ Kxb4 39.Bd5 f6 40.Be6 c3
41.Kd1 Kc5 0-1

[Event "US Open"]
[Site "Vancouver, WA"]
[Date "2012.08.09"]
[Round "6"]
[White "Breckenridge, Steven (OR)"]
[Black "Brock, William  (IL)"]
[Result "1-0"]
[WhiteElo "2349"]
[BlackElo "2095"]
[PlyCount "49"]

1.e4 e5 2.Nf3 Nc6 3.Bb5 a6 4.Ba4 Nf6 5.O-O Be7 6.d3 b5 7.Bb3
d6 8.c3 Na5 9.Bc2 c5 10.Re1 Bd7 11.Nbd2 O-O 12.Nf1 Qc7 13.Bg5
Nc6 14.Ne3 Be6 15.Rc1 Rac8 16.Bb1 Qb8 17.Bh4 h6 18.Bg3 Nh5 19.Nxe5
Nxe5 20.Qxh5 Rfd8 21.f4 Nc6 22.f5 Bd7 23.Nd5 Bf8 24.Bh4 Re8 25.Re3 1-0

[Event "US Open"]
[Site "Vancouver, WA"]
[Date "2012.08.09"]
[Round "6"]
[White "Brownscombe, Tom (NV)"]
[Black "Langdon, Peter (FL)"]
[Result "1-0"]
[WhiteElo "2212"]
[BlackElo "1926"]
[PlyCount "87"]

1.e4 e5 2.Nf3 Nc6 3.Bb5 a6 4.Ba4 Nf6 5.O-O Be7 6.Re1 b5 7.Bb3
O-O 8.a4 Rb8 9.axb5 axb5 10.Nc3 d6 11.h3 h6 12.Nd5 Nxd5 13.Bxd5
Nb4 14.Bb3 c5 15.d3 Nc6 16.c3 Bd7 17.d4 Qc7 18.Be3 Na5 19.dxe5
Nxb3 20.exd6 Qxd6 21.Qxb3 Bc6 22.Qc2 Qc7 23.b4 c4 24.Bd4 Ra8
25.Ne5 Bb7 26.Ng4 Bg5 27.Be5 Qc6 28.Rxa8 Rxa8 29.Bd4 Bf4 30.g3
Bc7 31.Ne3 Qxe4 32.Qxe4 Bxe4 33.Nxc4 Bc6 34.Ne3 Be4 35.c4 bxc4
36.Nxc4 Bd3 37.Rc1 Bd8 38.Bc5 Bg5 39.f4 Bf6 40.Kf2 Rc8 41.Ke3
Bf5 42.Nd6 Bxh3 43.Nxc8 Bxc8 44.Bd4 1-0

[Event "US Open"]
[Site "Vancouver, WA"]
[Date "2012.08.09"]
[Round "6"]
[White "Cheng, Kun  (CAN)"]
[Black "Raptis, Nick (OR)"]
[Result "1-0"]
[WhiteElo "1883"]
[BlackElo "2330"]
[PlyCount "68"]

1.e4 e6 2.d4 d5 3.e5 c5 4.c3 Nc6 5.Nf3 Qb6 6.Be2 Nh6 7.Bxh6 gxh6
8.Qd2 Bd7 9.O-O Bg7 10.Na3 O-O 11.Nc2 cxd4 12.cxd4 Rac8 13.b4
Ne7 14.a4 Kh8 15.Bd3 Ng8 16.Ne3 f5 17.a5 Qd8 18.Rfc1 Rxc1+ 19.Rxc1
Qb8 20.b5 Rc8 21.h3 Be8 22.Rxc8 Qxc8 23.Qb4 Bd7 24.Qc5 Qb8 25.b6
a6 26.Nc2 Bf8 27.Qc3 Qc8 28.Qb2 Ne7 29.Nb4 Nc6 30.Nxc6 Bxc6 31.Nd2
Qe8 32.Nb3 Bb4 33.Qc2 Ba4 34.Bxa6 Bxa5 1-0

[Event "US Open"]
[Site "Vancouver, WA"]
[Date "2012.08.09"]
[Round "6"]
[White "Cooklev, Steven (IN)"]
[Black "Guadalupe, Francisco (TX)"]
[Result "1-0"]
[WhiteElo "2124"]
[BlackElo "2305"]
[PlyCount "89"]

1.e4 e5 2.Nc3 Nf6 3.Bc4 Nc6 4.d3 Bc5 5.f4 d6 6.Nf3 a6 7.Nd5 h6
8.c3 O-O 9.b4 Ba7 10.f5 b5 11.Nxf6+ Qxf6 12.Bd5 Bb7 13.g4 Nd8
14.g5 Qe7 15.f6 gxf6 16.Bxb7 Nxb7 17.Nh4 Qe6 18.Nf5 Kh7 19.h4
Rh8 20.Qh5 Kg8 21.Nxh6+ Kf8 22.Rf1 Nd8 23.Rxf6 Qe7 24.Qg6 Ke8
25.Qg7 Qf8 26.Qxf8+ Rxf8 27.Ke2 a5 28.bxa5 Bc5 29.Be3 Bxe3 30.Kxe3
Rxa5 31.h5 Ne6 32.Rxe6+ fxe6 33.g6 Ra3 34.g7 Rxc3 35.gxf8Q+ Kxf8
36.Rg1 c5 37.Rg8+ Ke7 38.Ng4 c4 39.Nf2 Kf7 40.Rd8 d5 41.exd5
exd5 42.Rxd5 Ra3 43.Rxb5 e4 44.Kxe4 Rxa2 45.dxc4 1-0

[Event "US Open"]
[Site "Vancouver, WA"]
[Date "2012.08.09"]
[Round "6"]
[White "Covington, Paul (CO)"]
[Black "Pupols, Viktors (WA)"]
[Result "0-1"]
[WhiteElo "1909"]
[BlackElo "2200"]
[PlyCount "60"]

1.d4 Nf6 2.Nf3 e6 3.e3 d5 4.Be2 c5 5.O-O Nc6 6.b3 cxd4 7.Nxd4
Be7 8.Bb2 O-O 9.c4 Nxd4 10.Bxd4 a6 11.Nc3 dxc4 12.Bxc4 b5 13.Be2
Bb7 14.Bf3 Qb8 15.Qe2 Bxf3 16.Qxf3 e5 17.Ne2 exd4 18.Nxd4 Qe5
19.Nc6 Qe6 20.Nd4 Qe4 21.Qe2 Rfe8 22.f3 Qb7 23.Rac1 Rac8 24.g4
Bf8 25.Rfd1 Rxc1 26.Rxc1 Nd5 27.e4 Qb6 28.Qf2 Nf4 29.Rc6 Qxc6
30.Nxc6 Nh3+ 0-1

[Event "US Open"]
[Site "Vancouver, WA"]
[Date "2012.08.09"]
[Round "6"]
[White "Eagles, Roland (OR)"]
[Black "Bashkansky, Ethan (WA)"]
[Result "0-1"]
[WhiteElo "1935"]
[BlackElo "1775"]
[PlyCount "44"]

1.Nf3 d5 2.g3 c5 3.Bg2 Nc6 4.d4 cxd4 5.Nxd4 e5 6.Nxc6 bxc6 7.c4
Be6 8.O-O Qd7 9.Qa4 Bc5 10.Nc3 Ne7 11.cxd5 cxd5 12.Qxd7+ Kxd7
13.Rd1 Bd4 14.Nxd5 Bxd5 15.Bxd5 Nxd5 16.e3 Bxb2 17.Bxb2 Ke6 18.Rd2
f5 19.Rad1 Rhd8 20.Kf1 Rd7 21.Ke2 Rb8 22.Kf3 Rxb2 0-1

[Event "US Open"]
[Site "Vancouver, WA"]
[Date "2012.08.09"]
[Round "6"]
[White "Gagnon, William (OR)"]
[Black "Sankrithi, Siva (WA)"]
[Result "1/2-1/2"]
[WhiteElo "1600"]
[BlackElo "1510"]
[PlyCount "109"]

1.e4 e5 2.Nf3 Nf6 3.Nxe5 d6 4.Nf3 Nxe4 5.Qe2 Qe7 6.d3 Nf6 7.Bg5
Qxe2+ 8.Bxe2 Be7 9.Nbd2 O-O 10.Ne4 Nxe4 ( 10...Nbd7 11.c4 h6
12.Bh4 g5 13.Bg3 Nxe4 14.dxe4 Nc5 15.Nd2 f5 16.exf5 Bxf5 17.f4
Ne4 18.O-O-O gxf4 19.Bxf4 Nf2 20.Bxh6 Rf7 21.Bf3 Nxh1 22.Bd5
Nf2 23.Rf1 Nd3+ 24.Kd1 Bg4+ 25.Nf3 Ne5 26.h3 Nxf3 27.Rxf3 Bxf3+
28.gxf3 c6 29.Be6 Bf6 30.b3 Bg7 31.Be3 Kf8 32.Bxf7 Kxf7 33.Ke2
Rh8 34.Bxa7 Ra8 35.Ke3 Rxa7 36.a3 Ra8 37.Ke4 Rh8 38.b4 Rxh3 39.b5
Rh4+ 40.Kd3 c5 {0-1, Hitzker H - Drutjons E, Pinneberg (Germany) 1992}
) 11.Bxe7 Re8 12.Bh4 Nc5 13.Kd2 Bg4 14.h3 Bf5 15.Nd4 Bd7 16.Bf3
Nc6 17.Nxc6 Bxc6 18.Bxc6 bxc6 19.Rhe1 f6 20.f3 Ne6 21.Bg3 Nd4
22.c3 Nf5 23.Bf2 c5 24.a3 Kf7 25.b4 Rxe1 26.Kxe1 cxb4 27.axb4
a6 28.Ra5 Re8+ 29.Kd2 Ke6 30.Rxa6 Ne7 31.Ra1 c6 32.Re1+ Kd7 33.c4
Ra8 34.Rc1 d5 35.cxd5 Nxd5 36.Bc5 Ra4 37.Rc4 Ra2+ 38.Ke1 Rxg2
39.Rg4 Rxg4 40.hxg4 Ke6 41.d4 g6 42.Kf2 h5 43.Kg3 hxg4 44.Kxg4
g5 45.Bf8 Nc3 46.f4 gxf4 47.Kxf4 Kd5 48.Bg7 Kxd4 49.Bxf6+ Kc4
50.Bg7 Nd5+ 51.Ke4 Nc3+ 52.Ke3 Nd5+ 53.Kd2 Nxb4 54.Kc1 Kb3 55.Bf8 1/2-1/2

[Event "US Open"]
[Site "Vancouver, WA"]
[Date "2012.08.09"]
[Round "6"]
[White "Gater, Daniel (IN)"]
[Black "Arganian, David (WA)"]
[Result "1-0"]
[WhiteElo "2178"]
[BlackElo "2002"]
[PlyCount "75"]

1.d4 e6 2.c4 b6 3.Nf3 Bb7 4.Nbd2 f5 5.g3 Nf6 6.Bg2 Be7 7.O-O
O-O 8.Rb1 a5 9.b3 Ne4 10.Bb2 Nxd2 11.Qxd2 Be4 12.Rbc1 Bf6 13.Rfd1
Na6 14.a3 c6 15.b4 axb4 16.axb4 Nc7 17.Ne5 Bxg2 18.Kxg2 b5 19.Qd3
bxc4 20.Qxc4 Bxe5 21.dxe5 Nd5 22.Bd4 Qg5 23.Bc5 Rf7 24.f4 Qh5
25.Ra1 Rxa1 26.Rxa1 g5 27.e3 h6 28.Qf1 Kh7 29.Qf3 Qg6 30.Ra8
Rg7 31.Rd8 Rf7 32.Kh1 Rg7 33.Qe2 Rf7 34.Bf8 g4 35.Bc5 Rg7 36.Qa6
Qf7 37.Rf8 Qh5 38.Qc8 1-0

[Event "US Open"]
[Site "Vancouver, WA"]
[Date "2012.08.09"]
[Round "6"]
[White "Gross, Ronald (NV)"]
[Black "Helfst, Matt  (FL)"]
[Result "0-1"]
[WhiteElo "2145"]
[BlackElo "2035"]
[PlyCount "70"]

1.d4 d5 2.c4 e6 3.Nc3 Nf6 4.Bg5 Be7 5.e3 O-O 6.Rc1 c6 7.Nf3 Nbd7
8.Bd3 a6 9.c5 Re8 10.b4 e5 11.dxe5 Ng4 12.Bf4 f6 13.exf6 Bxf6
14.O-O a5 15.a3 axb4 16.axb4 Ra3 17.Nd4 Nde5 18.Be2 Kh8 19.h3
Nh6 20.Qd2 g5 21.Bg3 g4 22.hxg4 Nexg4 23.Ra1 Rxa1 24.Rxa1 Bh4
25.Bxh4 Qxh4 26.Bxg4 Bxg4 27.Nce2 Bxe2 28.Qxe2 Qxd4 29.exd4 Rxe2
30.Ra8+ Kg7 31.Rd8 Re7 32.g4 Nxg4 33.b5 Nh6 34.bxc6 bxc6 35.Rc8
Re6 0-1

[Event "US Open"]
[Site "Vancouver, WA"]
[Date "2012.08.10"]
[Round "6"]
[White "Haining, Kyle (WA)"]
[Black "Nagase, Masayuki (WA)"]
[Result "1-0"]
[WhiteElo "1900"]
[BlackElo "1714"]
[PlyCount "69"]

1.e4 c5 2.Nf3 Nc6 3.d4 cxd4 4.Nxd4 g6 5.c4 Bg7 6.Be3 Nh6 7.Be2
O-O 8.O-O f5 9.f3 d6 10.Qd2 f4 11.Bf2 Ne5 12.Nc3 g5 13.g3 Bd7
14.Rac1 Rc8 15.b3 Ng6 16.Nd5 a6 17.Qb4 e6 18.Nb6 Bxd4 19.Bxd4
Rc6 20.c5 fxg3 21.hxg3 dxc5 22.Bxc5 Qc7 23.Kg2 Rc8 24.Nxc8 Bxc8
25.Be3 Nh4+ 26.Kf2 Qf7 27.e5 a5 28.Qe4 Ng6 29.Rxc6 bxc6 30.Bxg5
Nf5 31.Rd1 h6 32.Rd8+ Kh7 33.Bf6 Qc7 34.g4 Ng7 35.Bd3 1-0

[Event "US Open"]
[Site "Vancouver, WA"]
[Date "2012.08.09"]
[Round "6"]
[White "Han, Yifei  (CAN)"]
[Black "Dixon, Dakota (WA)"]
[Result "0-1"]
[WhiteElo "1881"]
[BlackElo "2108"]
[PlyCount "118"]

1.e4 c5 2.Nf3 Nc6 3.d4 cxd4 4.Nxd4 Nf6 5.Nc3 d6 6.Be2 e6 7.Be3
Be7 8.Qd2 a6 9.g4 Nd7 10.O-O-O Qc7 11.f4 b5 12.f5 Nde5 13.fxe6
fxe6 14.Rhf1 Bd7 15.Nxc6 Bxc6 16.Qd4 Rc8 17.g5 Rf8 18.h4 Qb7
19.a3 a5 20.Qb6 Rxf1 21.Rxf1 Qxb6 22.Bxb6 b4 23.axb4 axb4 24.Na2
b3 25.Nc3 bxc2 26.Kxc2 Bxe4+ 27.Kd2 Rb8 28.Bb5+ Bc6 29.Bxc6+
Nxc6 30.Na4 Ne5 31.b3 Nd7 32.Bd4 e5 33.Bc3 Rxb3 34.Kc2 Rb8 35.Nb2
Rc8 36.Kd2 Nc5 37.Ke3 Ne6 38.Rc1 Nxg5 39.Na4 Ne6 40.Rg1 Bxh4
41.Ke4 Rc4+ 42.Kd5 Rxa4 43.Kxe6 Ra7 44.Rh1 Re7+ 45.Kxd6 Bf6 46.Rxh7
Kf7 47.Bd2 Re8 48.Rh2 Rd8+ 49.Kc5 Ke6 50.Kc4 e4 51.Be3 Rc8+ 52.Kb4
Rc3 53.Re2 Rd3 54.Kc4 Rc3+ 55.Kb4 Kd5 56.Bf2 Rd3 57.Rc2 e3 58.Rc5+
Ke4 59.Be1 Be7 0-1

[Event "US Open"]
[Site "Vancouver, WA"]
[Date "2012.08.08"]
[Round "6"]
[White "Han, Yiming (CAN)"]
[Black "Varner, Murlin (WA)"]
[Result "1/2-1/2"]
[WhiteElo "1941"]
[BlackElo "1673"]
[PlyCount "105"]

1.e4 e6 2.d4 d5 3.Nc3 Nc6 4.e5 Bb4 5.Nf3 h6 6.a3 {%08DA} Ba5
7.h4 Nge7 8.Bd3 Nf5 9.Bxf5 exf5 10.Be3 Be6 11.Qd3 a6 12.Nd2 Qd7
13.f4 g6 14.Rb1 Rb8 15.b4 Bb6 16.Ne2 Na7 17.h5 c6 18.Nf3 Bd8
19.Kf2 Be7 20.Rh2 Qd8 21.Ng3 Kd7 22.Rbh1 Qf8 23.Ne2 Qg7 24.Rh3
Rbg8 25.Rg3 Nc8 26.Nh4 Bxh4 27.Rxh4 Ne7 28.Ng1 Qf8 29.Nf3 Qd8
30.Rgh3 Qf8 31.Qd2 Rg7 32.hxg6 Rxg6 33.Rh5 Qg8 34.g3 Qg7 35.Nh4
Rg4 36.Kf3 f6 37.Ng2 Rg8 38.Bf2 Rg6 39.Ne3 Bf7 40.Nxf5 {?} Nxf5
41.Rxf5 Be6 42.Rfh5 ( 42.Qd3 ) Bg4+ 43.Kg2 Bxh5 ( 43...fxe5 44.f5
Bxh3+ 45.Rxh3 Rg5 $19 ) 44.exf6 Rxf6 45.Rxh5 Qg6 ( 45...Qg4 46.Re5
Rxf4 47.Qe3 Rf7 ) 46.Re5 Re8 47.Qe2 Rfe6 48.Be3 Rg8 49.Bf2 Qf7
50.Qf3 Qf8 51.c3 Qe8 52.Qd3 Qf7 53.Qf3 {%02 (I finally accepted the draw offer, because I could see many ways to lose, but couldn't come up with a way to win.)}
 1/2-1/2

[Event "US Open"]
[Site "Vancouver, WA"]
[Date "2012.08.09"]
[Round "6"]
[White "Heublum, Jack (NY)"]
[Black "Sinanan, Joshua (WA)"]
[Result "0-1"]
[WhiteElo "1877"]
[BlackElo "2259"]
[PlyCount "46"]

1.d4 Nf6 2.Nf3 e6 3.e3 b6 4.Bd3 Bb7 5.Nbd2 c5 6.O-O Be7 7.b3
O-O 8.Bb2 cxd4 9.exd4 d5 10.c4 Nc6 11.Rc1 Rc8 12.Bb1 Re8 13.c5
{%08DA} Nd7 14.cxb6 Qxb6 15.Re1 g6 16.Ne5 Ncxe5 17.dxe5 Rxc1
18.Qxc1 Bc5 19.Rd1 Bxf2+ 20.Kh1 Rc8 21.Nc4 dxc4 22.Rxd7 Qc6 23.Qf1
Qxd7 0-1

[Event "US Open"]
[Site "Vancouver, WA"]
[Date "2012.08.09"]
[Round "6"]
[White "Kleist, Frederick (WA)"]
[Black "Greninger, Harley (WA)"]
[Result "1-0"]
[WhiteElo "2098"]
[BlackElo "2197"]
[PlyCount "65"]

1.e4 e6 2.d4 d5 3.Nd2 c5 4.Ngf3 Nf6 5.exd5 exd5 6.Bb5+ Bd7 7.Qe2+
Be7 8.dxc5 O-O 9.O-O Bxc5 10.Bxd7 Nbxd7 11.Nb3 Re8 12.Qb5 Bb6
13.Bg5 Qc7 14.Nbd4 a6 15.Qb4 Ne4 16.Be3 Ndf6 17.h3 Bc5 18.Qb3
Bf8 19.Rfe1 Nc5 20.Qa3 b5 21.Bd2 Nfe4 22.Qa5 Qd6 23.Bb4 Qf6 24.Bxc5
Bxc5 25.c3 b4 26.Re3 Rec8 27.Rd1 bxc3 28.bxc3 Rab8 29.Rde1 g5
30.Rb1 {Kh2} g4 31.Rxe4 dxe4 32.Nd2 {Rd1 Nxe4} Qf4 {Ng3  Bxd4  cxd4  Rcc1  Re8  Kg7  Qe5  Qxe5  dxe5  gxh3  Kxh3  Rc6}
33.Nf5 1-0

[Event "US Open"]
[Site "Vancouver, WA"]
[Date "2012.08.10"]
[Round "6"]
[White "Leblanc, Paul (CAN)"]
[Black "Bragg, David  (WA)"]
[Result "1/2-1/2"]
[WhiteElo "1833"]
[BlackElo "2200"]
[PlyCount "44"]

1.d4 Nf6 2.c4 g6 3.Nf3 Bg7 4.g3 O-O 5.Bg2 b6 6.O-O Bb7 7.Nc3
c5 8.d5 a6 9.Qc2 b5 10.Nd2 d6 11.Rb1 b4 12.Nce4 Bc8 13.Nxf6+
exf6 14.b3 Re8 15.e4 a5 16.Bb2 a4 17.Rfe1 Nd7 18.f4 a3 19.Ba1
Qe7 20.Nf3 Ra7 21.Bh3 Ne5 22.Bg2 Nxf3+ 1/2-1/2

[Event "US Open"]
[Site "Vancouver, WA"]
[Date "2012.08.09"]
[Round "6"]
[White "Lundy, George (ID)"]
[Black "Bulakh, Nikolay (WA)"]
[Result "0-1"]
[WhiteElo "1649"]
[BlackElo "1910"]
[PlyCount "64"]

1.e4 c5 2.Nf3 d6 3.Bd3 a6 4.c3 b5 5.Bc2 Bb7 6.d3 e6 7.O-O Be7
8.d4 cxd4 9.cxd4 Nf6 10.Re1 O-O 11.b3 Nbd7 12.Bb2 Rc8 13.Nbd2
Rc7 14.Rc1 Qb8 15.e5 dxe5 16.dxe5 Nd5 17.Ne4 Rd8 18.h4 Nf8 19.Nfg5
Bb4 20.Qh5 Nf4 21.Qg4 Bxe1 22.Qxf4 Ng6 23.Qg3 Bxe4 24.Nxe4 Bd2
25.Nf6+ gxf6 26.exf6 Bxc1 27.Be5 Qc8 28.Bxc7 Rd7 29.Bxg6 hxg6
30.Bf4 Bxf4 31.Qxf4 Qd8 32.Qh6 Qxf6 0-1